Normal view
MARC view
Entry Personal Name
001 - CONTROL NUMBER
- control field: 65966
003 - CONTROL NUMBER IDENTIFIER
- control field: dpl
005 - DATE AND TIME OF LATEST TRANSACTION
- control field: 20240508152619.0
008 - FIXED-LENGTH DATA ELEMENTS
- fixed length control field: 240508|| aca||aabn | a|a d
040 ## - CATALOGING SOURCE
- Original cataloging agency: dpl
- Transcribing agency: dpl
100 ## - HEADING--PERSONAL NAME
- Personal name: Tickoo, Sham
670 ## - SOURCE DATA FOUND
- Source citation: Work cat.: (dpl)202625: Tickoo, Sham, AutoCAD 2017:, 2017
